000 00771nam a22002177a 4500
003 UA-OsUOA
001 93633
007 ta
008 20130124b un ||||| |||| 00| 0 ukr d
100 _aПозняк Н.
090 _a330
_bП47
942 _cSA
040 _aUA-OsUOA
_bukr
_cUA-OsUOA
_dUA-OsUOA
245 _aДержава облікує корупціонерів або Особливості функціонування Єдиного державного реєстру осіб, які вчинили корупційні правопорушенні
300 _aС.26-30
955 _a0
041 _aukr
080 _a330
773 0 _w93631
_tФінансовий контроль
_dК.
_d2013
_g1
650 7 _a330 Економіка взагалі
_2UDC
999 _c379875
_d379875